Chromospheric diagnostics and modelling (Record no. 9194)

MARC details
000 -LEADER
fixed length control field 00840nam a2200181Ia 4500
003 - CONTROL NUMBER IDENTIFIER
control field IN-BaIIA
008 - FIXED-LENGTH DATA ELEMENTS--GENERAL INFORMATION
fixed length control field 211028s9999 xx 000 0 eng d
040 ## - CATALOGING SOURCE
Transcribing agency IIA Library
080 ## - UNIVERSAL DECIMAL CLASSIFICATION NUMBER
Universal Decimal Classification number 523.982(082.2)
Item number LIT
111 ## - MAIN ENTRY--MEETING NAME
Meeting name or jurisdiction name as entry element National Solar Observatory Conference on Chromospheric Diagnostics and Modelling
Location of meeting New Mexico, USA
Date of meeting or treaty signing 1984 Aug. 13-16
9 (RLIN) 15433
245 #0 - TITLE STATEMENT
Title Chromospheric diagnostics and modelling
Remainder of title proceedings of the National Solar Observatory conference on chromospheric diagnostics and modelling, held in New Mexico, USA, 13-16 Aug, 1984.
Statement of responsibility, etc. edited by Bruce W. Lites
260 ## - PUBLICATION, DISTRIBUTION, ETC.
Place of publication, distribution, etc. New Mexico
Name of publisher, distributor, etc. Sacromento Peak National Observatory
Date of publication, distribution, etc. 1985
300 ## - PHYSICAL DESCRIPTION
Extent xii, 314p.
650 ## - SUBJECT ADDED ENTRY--TOPICAL TERM
Topical term or geographic name entry element Solar chromosphere
9 (RLIN) 3973
650 ## - SUBJECT ADDED ENTRY--TOPICAL TERM
Topical term or geographic name entry element Stellar chromospheres
9 (RLIN) 7774
700 ## - ADDED ENTRY--PERSONAL NAME
Personal name Lites, Bruce W. ed.
9 (RLIN) 15434
942 ## - ADDED ENTRY ELEMENTS (KOHA)
Koha item type Books
952 ## - LOCATION AND ITEM INFORMATION (KOHA)
-- 25
Holdings
Withdrawn status Lost status Damaged status Not for loan Home library Current library Shelving location Date acquired Total Checkouts Full call number Barcode Date last seen Price effective from Koha item type
        IIA Library-Bangalore IIA Library-Bangalore General Stacks     523.982(082.2)/ LIT 10100 05/11/2021   Books

Powered by Koha